00540nam a2200145Ia 450000500170000000800410001702000150005808200190007310000180009224500790011024500180018926000370020752001380024465000120038220250807104733.0250807s9999 xx 000 0 und d a185207440X a953.67bASS.12 aAsser, Martin 0aKuwait Political Agency 13 Volume Hardback Set: Arabic Documents 1899-1949 0cAsser, Martin bCambridge Archive Editionsc1992 aArabic documents, with translations, from the Kuwait Political Agency - a research resource for Kuwaiti, Saudi and Arab Gulf history. aHistory